TB. OF PSYCHOLOGY FOR B.SC NURSING STUDENTS (Record no. 10948)

MARC details
000 -LEADER
fixed length control field 00334nam a22001457a 4500
003 - CONTROL NUMBER IDENTIFIER
control field SGT
020 ## - INTERNATIONAL STANDARD BOOK NUMBER
International Standard Book Number 978-93-85891-00-7
082 ## - DEWEY DECIMAL CLASSIFICATION NUMBER
Classification number 150
Item number P16C
100 ## - MAIN ENTRY--PERSONAL NAME
Personal name CLEMENT, I.
245 ## - TITLE STATEMENT
Title TB. OF PSYCHOLOGY FOR B.SC NURSING STUDENTS
260 ## - PUBLICATION, DISTRIBUTION, ETC. (IMPRINT)
Place of publication, distribution, etc INDIA
Name of publisher, distributor, etc JAYPEE
Year of Publication 2016
300 ## - PAGE DESCRIPTION
No. of Pages 420
650 ## - SUBJECT ADDED ENTRY--TOPICAL TERM
Topical term or geographic name as entry element PSYCHOLOGY
942 ## - ADDED ENTRY ELEMENTS (KOHA)
Source of classification or shelving scheme Dewey Decimal Classification
Koha item type Books
942 ## - ADDED ENTRY ELEMENTS (KOHA)
-- 89
Holdings
Withdrawn status Lost status Source of classification or shelving scheme Damaged status Not for loan Collection code Home library Current library Shelving location Date acquired Vendor Name Cost, normal purchase price SGTU Bill Number Total Checkouts Full call number Accession No. (Barcode) Date last seen Date last borrowed Bill Date Koha item type Total Renewals
    Dewey Decimal Classification     NURSING SGT Medical Library SGT Medical Library Text Book 16/02/2017 ABC 395.00 SGTU 7429 21 150 P16C FN3381 10/01/2026 07/01/2026 04/11/2016 Books  
    Dewey Decimal Classification     NURSING SGT Medical Library SGT Medical Library Text Book 16/02/2017 ABC 395.00 SGTU 7429 35 150 P16C FN3382 19/01/2026 24/12/2025 04/11/2016 Books  
    Dewey Decimal Classification     NURSING SGT Medical Library SGT Medical Library Text Book 16/02/2017 ABC 395.00 SGTU 7429 26 150 P16C FN3383 10/01/2026 25/12/2025 04/11/2016 Books  
    Dewey Decimal Classification     NURSING SGT Medical Library SGT Medical Library Text Book 16/02/2017 ABC 395.00 SGTU 7429 34 150 P16C FN3384 20/01/2026 23/12/2025 04/11/2016 Books 2
    Dewey Decimal Classification     NURSING SGT Medical Library SGT Medical Library Text Book 16/02/2017 ABC 395.00 SGTU 7429 32 150 P16C FN3385 10/04/2026 27/03/2026 04/11/2016 Books